| 000 | 00715nam a22002177a 4500 | ||
|---|---|---|---|
| 999 |
_c3506 _d3506 |
||
| 003 | AR-CdUCM | ||
| 008 | 190306b ||||| |||| 00| 0 spa d | ||
| 040 |
_aMUNICIPALIDAD PROVINCIAL DEL CUSCO _cBIBLIOTECA MUNICIPAL DEL CUSCO |
||
| 082 |
_a343.2c / _bM22 |
||
| 100 |
_aManya A., Juan Antonio _911516 |
||
| 245 | _aPerusuyo kamachiy qelqa 1993. La constitución del Perú / | ||
| 260 |
_aCusco : _bCosmos, _c1993. |
||
| 300 |
_a68 paginas ; _c21 cm. |
||
| 505 | _aConstitución Política del Perú 1993 / Quechua | ||
| 650 |
_aConstitucion politica _96910 |
||
| 650 |
_aDerecho constitucional _94734 |
||
| 650 |
_aPerú _935 |
||
| 700 |
_aCandia Serrano, Paulino _911517 |
||
| 942 |
_2ddc _cLIBROS |
||
| 945 | _awnts | ||